| 000 | 00446nab a2200145Ia 4500 | ||
|---|---|---|---|
| 003 | ES-SlBCS | ||
| 005 | 20210601141151.0 | ||
| 008 | 140529s1987 xxu||||| |||| 00| 0 spa d | ||
| 041 | _aspa | ||
| 100 | 1 |
_aCorraliza Rodríguez, José Antonio _945537 |
|
| 245 | 0 | 0 |
_aLa ciudad y la calidad de vida _c José Antonio Corraliza Rodríguez |
| 650 | 0 | 4 |
_aCiudad _9128302 |
| 773 | 0 |
_tDocumentacion Social _gnº. 67, 1987, págs. 9-20 _wRev166 |
|
| 942 | _cAR | ||
| 999 |
_c656301 _d656301 |
||